| 000 | 00384nam a2200145Ia 4500 | ||
|---|---|---|---|
| 008 | 231129s1982||||xx |||||||||||||| ||spa|| | ||
| 020 | _a84-241-5605-6 | ||
| 040 | _bspa | ||
| 082 | _a611 A786a | ||
| 100 | _aArtero Garcia Jose Maria | ||
| 245 | 0 | _aIntroduccion al estudio del hombre | |
| 260 | _c1982 | ||
| 264 | _aEverest | ||
| 942 |
_2ddc _cBKS |
||
| 999 |
_c15963 _d15963 |
||